Traditional Holidays in the United Kingdom - Focus on Their Historical Background bakalárska práca

Enregistré dans:
Détails bibliographiques
Auteur principal: Šteflovičová, Zuzana
Collectivité auteur: Fakulta aplikovaných jazykov EU v Bratislave. Katedra interkultúrnej komunikácie
Autres auteurs: Bláhová, Mária
Format: Livre
Langue:anglais
Publié: Bratislava 2015
Tags: Ajouter un tag
Pas de tags, Soyez le premier à ajouter un tag!

MARC

LEADER 00000nbm a2200000 4500
001 0202014
005 20161212094207.3
041 0 |a eng 
044 |a SK 
245 1 0 |a Traditional Holidays in the United Kingdom - Focus on Their Historical Background  |b bakalárska práca  |c Zuzana Šteflovičová ; školiteľ: Mária Bláhová 
264 1 |a Bratislava  |c 2015 
300 |a 62 s. 
100 1 |a Šteflovičová, Zuzana 
700 1 |a Bláhová, Mária 
710 2 |a Fakulta aplikovaných jazykov EU v Bratislave. Katedra interkultúrnej komunikácie